| 000 | 00679cam a2200193Ia 4500 | ||
|---|---|---|---|
| 082 |
_a954.91 _bOLI |
||
| 100 | 1 |
_aOliver, Edward Emmerson. _93929 |
|
| 245 | 1 | 0 |
_aAcross the border : _bor, Pathân and Biloch / _cby Edward E. Oliver ; illustrated by J.L. Kipling. |
| 260 |
_aLondon : _bChapman and Hall, _c1890. |
||
| 300 |
_axi, 344 p. : _bill. ; 23 cm. |
||
| 500 | _aIncludes index. | ||
| 526 |
_a0 _b0 _c0 _d954_910000000000000_OLI |
||
| 650 | 0 |
_aBaluchi (Southwest Asian people) _93931 |
|
| 650 | 0 |
_aEthnology _zPakistan _zBalochistān. _949362 |
|
| 650 | 0 |
_aEthnology _zPakistan _zKhyber Pakhtunkhwa. _93757 |
|
| 650 | 0 |
_aMCE _9379 |
|
| 650 | 0 |
_aPushtuns. _93930 |
|
| 942 |
_2ddc _cBK |
||
| 999 |
_c552151 _d552151 |
||